000 01372nam a22003017a 4500
003 AR-RoIUNI
005 20210412111845.0
007 ta
008 170425s2017 ag |||||r|||| 00| 0 spa d
040 _bSpa
_cIUNIR
_eAnglo
080 _a364.26:658
100 1 _aCutro Elgart, María Antonella.
245 1 0 _aTrabajo y salud mental :
_bidentidad, reconocimiento y desocupación /
_cMaría Antonella Cutro Elgart ; [director] Rodolfo Escalada.
260 _aRosario :
_bLa autora,
_c2017.
300 _a51 p. ;
_c30 cm
500 _aTrabajo integrador final obligatorio (TIFO). Escuela de psicología, Instituto Universitario Italiano de Rosario.
504 _aINCBIB
505 0 _aIntroducción -- Objetivos -- Método -- Capítulo I. Hacia una conceptualización del trabajo -- Colectivo de trabajadores -- Capítulo II. Trabajo y salud -- Sobre la construcción de identidad y la dinámica del reconocimiento -- Reconocimiento y sufrimiento -- Capítulo III. Problemática de la desocupación -- Resistir a cualquier precio: abuso de sustancias -- Con respecto a los sub-empleos, o los empleos precarizados -- Conclusión.
650 4 _aPSICOLOGÍA
_9108
650 4 _aTESIS
_9513
650 4 _aTRABAJO
650 4 _aSALUD MENTAL
650 4 _aPRECARIZACIÓN
650 4 _aDESEMPLEO
653 0 _aTIFO
700 1 _aEscalada, Rodolfo.
942 _2cdu
_cBK
999 _c3704
_d3704